| 000 | 01823nam a2200445 c 4500 | ||
|---|---|---|---|
| 003 | BLK | ||
| 005 | 20250211170958.0 | ||
| 008 | 180413b bul|||||r ||||||| ||bul|| | ||
| 010 | _aKNG00022425000 | ||
| 020 |
_a954-26-0023-2 _bиздат.: Хермес |
||
| 040 | _aBLK | ||
| 041 |
_aBUL _cBUL |
||
| 080 |
_aИстория на Египет (до 640 г. н. е.) _b932 _x _z932 |
||
| 100 | 1 |
_aГай, Джон _eпърви автор _9264568 |
|
| 700 | 1 |
_aАтанасов, Иван _eпрев. _gПетков, Иван Атанасов _9365504 |
|
| 139 |
_aГай, Джон _bГ 16 |
||
| 245 | 1 | 0 |
_aДревните египтяни _bПроизход, бит, медицина, астрон. познания, писменост, архитектура, изкуство и култура на древните египтяни _cДжон Гай; прев. Иван Атанасов. |
| 257 | _aGBR | ||
| 260 |
_аПловдив _bХермес _c2002 _fПловдив : Полиграфия |
||
| 300 |
_a32 с. _bс цв. ил. _c24 см |
||
| 380 | _a9 | ||
| 490 | 1 | _aРанни цивилизации | |
| 500 | _aОриг. загл. Egyptian Life / John Guy. - Авт. не е отбелязан на кор. - Офс. изд. - Азб. показалец. | ||
| 650 | 4 |
_aДревен Египет _9242280 |
|
| 653 | _aДревен Египет | ||
| 653 | _aистория | ||
| 653 | _aбит | ||
| 653 | _aмедицина | ||
| 653 | _aастрономия | ||
| 653 | _aписменост | ||
| 653 | _aархитектура | ||
| 653 | _aизкуство | ||
| 653 | _aкултура | ||
| 852 | _aЦб 213598 | ||
| 856 | 4 |
_qpdf _u |
|
| 856 | 4 |
_qpdf _u |
|
| 942 |
_cKNG _n0 _012 |
||
| 944 |
_aCR _c15.01.2003 _k30537 _lГрета Цуфелде |
||
| 944 |
_aED _c31.05.2007 _k |
||
| 999 |
_c20219 _d20219 |
||